• 首页
  • 本馆介绍
  • 公告通知
  • 最新文献
  • 馆藏检索
  • 电子资源
  • 读者导购
  • 参考咨询
  • 我的图书馆
  • 登录
  • 详细信息显示
  • 放入我的书架
  • 预约/预借图书
  • 作者相关作品
  • 分类相关作品
  • 丛书相关作品
  • 出版社相关作品

书目信息

  • 表格格式
  • 工作单格式
  • 卡片格式
题名:
1640年英国革命史
    
 
作者: 法基佐 著 ;伍光建 译
分册:  
出版信息: 上海   生活·读书·新知三联书店上海分  2011.01
页数: 437页
开本: 20cm
丛书名:
单 册:
中图分类: K561.41
科图分类:
主题词: 西欧--历史
电子资源:
ISBN: 7-5426-3346-5
000 00663nam0 2200205 450
001 2636507553
005 20260410101004.68
010    @a7-5426-3346-5@dCNY29.80
100    @a20260410d2011 km y0chiy0120 ea
101 0  @achi
102    @aCN@b310000
200 1  @a1640年英国革命史@A1640 Nian Ying Guo Ge Ming Shi@f[法]基佐著@F[Fa]Ji Zuo Zhu@g伍光建译@GWu Guang Jian Yi
210    @a上海@c生活·读书·新知三联书店上海分@d2011.01
215    @a437页@d20cm
606 0  @a西欧@x历史
690    @aK561.41@v4
701  0 @a法基佐@AFa Ji Zuo@4著
702  0 @a伍光建@AWu Guang Jian@4译
801  0 @aCN@b大连网信软件有限公司图书馆·11@c20260410
905    @aZUCC@dK561.41@eZW1074
    
    1640年英国革命史/[法]基佐著/伍光建译.-上海:生活·读书·新知三联书店上海分,2011.01
    437页;20cm
    
    
    ISBN 7-5426-3346-5:CNY29.80
    
●
相关链接 在E读中查询图书 在五车中查询图书 在当当中查询图书 在豆瓣中查询图书


正题名:1640年英国革命史     索取号:K561.41/ZW1074         预约/预借

序号 登录号 条形码 馆藏地/架位号 状态 备注
1 7510856   275108562   密集书库-文学院/ [索取号:K561.41/ZW1074] 在馆    
唐山师范学院图书馆 欢迎您!
大连网信软件有限公司© 版权所有